000 01395nam a2200361 i 4500
001 12161
003 ES-MaACL
005 20251010183508.0
007 t|
008 921021s1990 sp c |||| | spa d
020 _a84-86716-07-I
080 _a930.255(460.27 M.)
080 _a016:329(460)(093)
080 _a016:331.105.44(460)(093)
080 _a334.73(460)(093)
110 2 _aFundación Largo Caballero.
_94355
245 1 0 _aFondo de Rafael Heras Novajas (1933-1977)
_b: cooperativismo y socialismo /
_cpor María Ruipérez, Ester Ramos, Jesús Rodríguez, [equipo de Archivo de la Fundación Largo Caballero].
250 _a1ª ed.
260 _a[Madrid] :
_bFundación Largo Caballero,
_c1990.
300 _a355 p. ;
_c24 cm.
490 1 _aGuía de fuentes ;
_v1
500 _aÍndices.
600 1 7 _aHeras Novajas, Rafael,
_d1899-1978-
_xArchivo-
_vCatálogos
_2
_9169353
610 2 _aPartido Socialista Obrero Español-
_vHistoria-
_vFuentes-
_vBibliografías.
_9155558
610 2 _aUGT-
_vHistoria-
_vFuentes-
_vBibliografías.
_97031
650 1 4 _aCooperativismo-
_zEspaña-
_vFuentes.
_911359
700 1 _aRuipérez, María.
_9100580
700 1 _aRamos Ruiz, Ester.
_995356
710 2 _aFundación Largo Caballero.
_bEquipo de Archivo y Biblioteca.
_94356
830 0 _aGuía de fuentes ;
_v1
_9179465
852 _aES-MaACL
_jL-19449
999 _c12161
_d12161